[Event "49th Belgrade WGM 2017"]
[Site "Belgrade SRB"]
[Date "2017.03.06"]
[Round "4.1"]
[White "Djukic,Sa"]
[Black "Blagojevic,Tijana"]
[Result "0-1"]
[WhiteElo "2182"]
[BlackElo "2259"]

1.d4 d5 2.c4 c6 3.Nc3 Nf6 4.Nf3 e6 5.Bg5 h6 6.Bh4 dxc4 7.e3 b5 8.a4 Bb4 9.Nd2
Bb7 10.axb5 Bxc3 11.bxc3 cxb5 12.Qb1 Bc6 13.e4 Nbd7 14.Be2 Qb6 15.O-O e5
16.dxe5 Nxe5 17.Bxf6 gxf6 18.Nf3 Qb7 19.Nxe5 fxe5 20.Qb4 Qe7 21.Qa5 Rg8 22.Bf3
Rg6 23.Rfd1 Kf8 24.Rd2 Kg7 25.g3 h5 26.Bxh5 Rh6 27.Bf3 Qg5 28.Rad1 Rah8 29.Rd6
Rf6 30.Rxf6 Qxf6 31.Bg2 Qe7 32.h4 Rb8 33.Qa6 Qb7 34.Qa3 b4 35.cxb4 Qxb4 36.Qe3
Qe7 37.Ra1 Rb3 38.Qe2 c3 39.Qg4+ Kf8 40.Rc1 Qe6 41.Qd1 Qh6 42.f4 Ba4 43.Qd8+
Kg7 44.Qc8 Qc6 45.Qf5 c2 46.Kh2 Rb1 47.fxe5 Rxc1 48.Qg5+ Qg6 49.Qxc1 Qh6
50.Qa1 c1=Q 51.Qxa4 Qc5 {#R} 0-1

[Event "49th Belgrade WGM 2017"]
[Site "Belgrade SRB"]
[Date "2017.03.06"]
[Round "4.3"]
[White "Nestorovic,Katarina"]
[Black "Dragomirescu,An"]
[Result "0-1"]
[WhiteElo "2134"]
[BlackElo "2210"]

1.e4 d6 2.d4 Nf6 3.Nc3 g6 4.Be3 a6 5.f3 b5 6.Qd2 Nbd7 7.g4 Nb6 8.g5 Nfd7
9.O-O-O b4 10.Nb1 a5 11.h4 Bg7 12.h5 Rg8 13.hxg6 hxg6 14.Bb5 Bb7 15.d5 c6
16.dxc6 Bxc6 17.Qe2 Qc7 18.Nd2 Bxb5 19.Qxb5 Rc8 20.Qd3 Na4 21.Nc4 Qxc4 22.Qxc4
Bxb2+ {#R} 0-1

[Event "Open ch-Subotica 2017"]
[Site "Subotica SRB"]
[Date "2017.03.06"]
[Round "6.3"]
[White "Avram,V"]
[Black "Nadj Hedjesi,B"]
[Result "0-1"]
[WhiteElo "2075"]
[BlackElo "2328"]

1.Nf3 c5 2.c4 b6 3.g3 Bb7 4.Bg2 Nf6 5.Nc3 e6 6.O-O a6 7.b3 Be7 8.Bb2 O-O 9.d4
cxd4 10.Nxd4 Bxg2 11.Kxg2 Qc7 12.f3 Rd8 13.Qc2 Nc6 14.Nxc6 Qxc6 15.Rac1 Rac8
16.Ne4 Ne8 17.Qb1 f5 18.Nf2 Bc5 19.e4 Nd6 20.Qa1 fxe4 21.Bxg7 exf3+ 22.Kh3
Bxf2 23.Rxf2 Ne4 24.Rff1 Rf8 25.Bxf8 Rxf8 26.Qe5 Rf6 27.Qh5 Kg7 28.Rxf3 Rxf3
{#R} 0-1

[Event "Open ch-Subotica 2017"]
[Site "Subotica SRB"]
[Date "2017.03.06"]
[Round "6.4"]
[White "Sirotanovic,O"]
[Black "Jovanovic,MilanB"]
[Result "1-0"]
[WhiteElo "2188"]
[BlackElo "2047"]

1.c4 e5 2.Nc3 Nf6 3.g3 d5 4.cxd5 Nxd5 5.Bg2 Nb6 6.Nf3 Nc6 7.a3 g5 8.d3 Be7
9.Be3 f5 10.h4 f4 11.Bxb6 axb6 12.hxg5 fxg3 13.fxg3 Bg4 14.g6 h5 15.Qb3 Kd7
16.Bh3 Qg8 17.Qb5 Ra5 18.Qc4 Qxg6 19.Bxg4+ hxg4 20.Rxh8 gxf3 21.Qg8 f2+
22.Kxf2 Qf5+ 23.Kg2 Nd8 24.Qe8+ {#r} 1-0

[Event "Open ch-Subotica 2017"]
[Site "Subotica SRB"]
[Date "2017.03.06"]
[Round "6.7"]
[White "Puhalo,Zdravko"]
[Black "Pardic,O"]
[Result "0-1"]
[WhiteElo "2068"]
[BlackElo "2154"]

1.d4 e5 2.d5 Bc5 3.e3 d6 4.c4 f5 5.Nf3 Nf6 6.Be2 O-O 7.Nc3 a6 8.a3 c6 9.b4 Ba7
10.O-O Kh8 11.Bb2 cxd5 12.Nxd5 Nc6 13.b5 Ne7 14.Nxf6 gxf6 15.Qd2 Be6 16.Rfd1
axb5 17.cxb5 Bc5 18.Rdc1 Rg8 19.g3 Qe8 20.a4 Bd5 21.Ne1 Qg6 22.Bf3 Bxf3
23.Nxf3 Qh5 24.Ne1 Rg6 25.Rxc5 dxc5 26.f4 Rgg8 27.fxe5 Rgd8 28.Qf2 fxe5
29.Bxe5+ Kg8 30.Bf6 Qf7 31.Bh4 Rd7 32.a5 Qb3 33.a6 Qxb5 34.axb7 Rxa1 {#R} 0-1

[Event "PEP 2017"]
[Site "Belgrade SRB"]
[Date "2017.03.06"]
[Round "7"]
[White "Djordjevic,Vu"]
[Black "Potpara,N"]
[Result "0-1"]
[WhiteElo "2421"]
[BlackElo "2379"]

1.e4 c5 2.Nc3 Nc6 3.g3 g6 4.Bg2 Bg7 5.d3 d6 6.Nge2 e5 7.O-O Nge7 8.Be3 O-O
9.Qd2 Nd4 10.f4 Be6 11.h3 Qd7 12.Kh2 Rac8 13.Rf2 b5 14.Ng1 b4 15.Nd1 a5 16.c3
Ndc6 17.Nf3 f6 18.Rf1 Kh8 19.Nf2 exf4 20.Bxf4 Ne5 21.Bh6 N7c6 22.Bxg7+ Kxg7
23.Qe3 Qe7 24.d4 Nxf3+ 25.Bxf3 bxc3 26.bxc3 cxd4 27.cxd4 Nb4 28.Rad1 Bxa2
29.Qa3 Bc4 30.Rg1 Qa7 31.Rd2 Bf7 32.Ra1 Rc2 33.Qe3 Rfc8 34.Ra3 Qb6 35.Kg1 Rxd2
36.Qxd2 Rc4 37.d5 Rc2 38.Qe3 Qxe3 39.Rxe3 Be8 40.Bd1 Rc5 41.Re2 Rc1 42.Kg2 a4
43.Rb2 a3 44.Rxb4 a2 45.Rb7+ Kf8 46.Ra7 a1=Q 47.Rxa1 Rxa1 48.Be2 Ra2 49.Kf3
Ra3+ 50.Kg2 Ke7 51.Bc4 Bd7 52.Bf1 Kd8 53.Be2 Re3 54.Bf3 Kc7 55.h4 h5 56.Nd1
Rxf3 {#R} 0-1

[Event "PEP 2017"]
[Site "Belgrade SRB"]
[Date "2017.03.06"]
[Round "7"]
[White "Roganovic,Milo"]
[Black "Martic,I SRB"]
[Result "1-0"]
[WhiteElo "2481"]
[BlackElo "2367"]

1.e4 c5 2.Nf3 e6 3.d4 cxd4 4.Nxd4 Nc6 5.Nc3 Qc7 6.Be3 a6 7.Bd3 Nf6 8.O-O Nxd4
9.Bxd4 Bc5 10.Bxf6 gxf6 11.Qg4 Kf8 12.Kh1 h5 13.Qh3 b5 14.a4 b4 15.Ne2 Bb7
16.c3 Kg7 17.cxb4 Bxb4 18.f4 Rag8 19.Rac1 Qb6 20.Qh4 Rh6 21.Ng3 Kh8 22.Be2 Bc5
23.Bf3 Be3 24.Rcd1 Bc6 25.e5 f5 26.Bxc6 Qxc6 27.Rf3 Qc2 28.Rff1 Qc6 29.Rd6 Qc4
30.b3 Qxb3 31.Nxf5 Rg4 32.Qe1 Bxf4 33.Nxh6 Bxh6 34.Rxd7 Qc2 35.Rf2 Re4 36.Qf1
Qc3 37.Rd8+ {#r} 1-0

[Event "PEP 2017"]
[Site "Belgrade SRB"]
[Date "2017.03.06"]
[Round "7"]
[White "Damljanovic,B"]
[Black "Draskovic,L"]
[Result "0-1"]
[WhiteElo "2548"]
[BlackElo "2458"]

1.d4 d6 2.Nf3 Nf6 3.c4 g6 4.Nc3 Bg7 5.e4 O-O 6.Be2 e5 7.O-O c6 8.d5 Na6 9.Be3
Ng4 10.Bg5 f6 11.Bh4 c5 12.Ne1 Nh6 13.a3 Bd7 14.Rb1 Qe8 15.g4 Nf7 16.Ng2 Ng5
17.Qd3 Kh8 18.Kh1 Qc8 19.f4 exf4 20.Rxf4 Qd8 21.Rbf1 Qe7 22.Qg3 Rae8 23.Ne1
Nb8 24.Nd3 Bc8 25.Bxg5 fxg5 26.Rxf8+ Rxf8 27.Rxf8+ Bxf8 28.e5 dxe5 29.Ne4 Nd7
30.Qe3 h6 31.d6 Qf7 32.Ndxc5 b6 33.Nxd7 Qxd7 34.Qf3 Bg7 35.b4 Bb7 36.c5 bxc5
37.bxc5 Qa4 38.Bd3 Qxa3 39.Qe2 Qxc5 40.Qb2 Qxd6 41.Qxb7 Qxd3 42.Kg2 Qe2+
43.Nf2 e4 44.Qxe4 Qxe4+ 45.Nxe4 Kg8 46.Nc5 Kf7 47.Kf3 Ke7 48.Ke4 Kd6 49.Nb7+
Kc7 50.Nc5 Kc6 51.Ne6 Bf6 52.Kd3 Kd6 {#R} 0-1

[Event "PEP 2017"]
[Site "Belgrade SRB"]
[Date "2017.03.06"]
[Round "7"]
[White "Radovanovic,Mihajlo"]
[Black "Ozen,Bahadir"]
[Result "1-0"]
[WhiteElo "2376"]
[BlackElo "2303"]

1.d4 d6 2.Nf3 g6 3.e4 Nf6 4.Nc3 Bg7 5.Be2 O-O 6.O-O c6 7.a4 Nbd7 8.a5 Qc7
9.Be3 e5 10.d5 cxd5 11.exd5 Ne8 12.a6 b6 13.Bb5 Nb8 14.Ra4 Qe7 15.Qe2 Nc7
16.Rfa1 f5 17.Bg5 Qf7 18.Qc4 f4 19.Nd2 Bf5 20.f3 h6 21.Bh4 g5 22.Bf2 Rc8
23.Nde4 Nxb5 24.Qxb5 Bf8 25.Rc4 Nd7 26.Rc6 Qg6 27.Ra4 Rd8 28.Rc7 g4 29.Kf1 Be7
30.Ra1 Qh5 31.fxg4 Bxg4 32.h3 f3 33.Qd3 Rf8 34.Kg1 fxg2 35.Qg3 Qxh3 36.Qxh3
Bxh3 37.Nb5 Rf4 38.Ra3 Bg4 39.Rxa7 Raf8 40.Nbc3 Bh3 41.Nd1 Bg4 42.Rg3 Rxe4
43.Ne3 h5 44.Nxg4 hxg4 45.Rxd7 Bg5 46.a7 Ra4 47.b3 Ra1+ 48.Kxg2 Kh8 49.Rxg4
Bf4 50.Rb7 Bh6 51.Ra4 Rg8+ 52.Kf3 Rf8+ 53.Ke2 Rc1 54.Ra2 Rxf2+ {#r} 1-0

[Event "PEP 2017"]
[Site "Belgrade SRB"]
[Date "2017.03.06"]
[Round "7"]
[White "Velikic,A"]
[Black "Bogosavljevic,B"]
[Result "0-1"]
[WhiteElo "2194"]
[BlackElo "2525"]

1.e4 c5 2.Nf3 Nc6 3.d4 cxd4 4.Nxd4 g6 5.c4 Nf6 6.Nc3 d6 7.Be2 Nxd4 8.Qxd4 Bg7
9.Be3 O-O 10.Qd2 a5 11.O-O a4 12.Rac1 Be6 13.f3 Nd7 14.Rfd1 Nc5 15.Kh1 Qa5
16.Bd4 Bxd4 17.Qxd4 Nd7 18.f4 Qb6 19.Qd2 Nf6 20.Rf1 Qc5 21.f5 Bd7 22.Nd5 Nxd5
23.cxd5 Qb6 24.Rc3 Qb4 25.e5 Bxf5 26.Rf4 Qb6 27.Rxf5 a3 28.Rf1 Qxb2 29.Rc2
Qxe5 30.Bc4 Rac8 31.Bb3 Kg7 32.Qc1 Rxc2 33.Qxc2 b5 {#R} 0-1

[Event "PEP 2017"]
[Site "Belgrade SRB"]
[Date "2017.03.06"]
[Round "7"]
[White "Tuna,Alp"]
[Black "Ozen,Deniz"]
[Result "0-1"]
[WhiteElo "2285"]
[BlackElo "2342"]

1.Nf3 Nf6 2.c4 c6 3.d4 d5 4.Nc3 e6 5.Bg5 h6 6.Bxf6 Qxf6 7.e3 Bb4 8.Bd3 dxc4
9.Bxc4 O-O 10.O-O Bxc3 11.bxc3 Nd7 12.Qc2 b5 13.Bd3 Bb7 14.Rab1 a6 15.Be4 Qe7
16.Nd2 Rab8 17.a4 c5 18.axb5 Bxe4 19.Nxe4 axb5 20.Rb2 cxd4 21.cxd4 Rfc8 22.Qb1
b4 23.Rc1 Rxc1+ 24.Qxc1 Qd8 25.Nc5 Nxc5 26.dxc5 Qa5 27.c6 Rc8 28.Rb1 Qb6
29.Qd2 Rxc6 30.h3 b3 31.Qd3 Qb8 32.g3 Qb7 33.Qd8+ Kh7 34.Qd3+ g6 35.h4 h5
36.e4 b2 37.Qd2 Rb6 38.Kh2 Rb4 39.Kg1 Rb3 40.Kh2 e5 41.Qc2 Qb6 42.Kg2 Rb4
43.Kh2 Qb7 44.Qd2 Qb6 45.Kg1 Qd4 46.Qc2 Qa7 47.Kh2 Qa2 48.Kg2 Qb3 49.Qd2 Kg7
50.Kh2 Rb6 51.Kg2 Qb4 52.Qc2 Rb7 53.Kh2 f6 54.Kg1 g5 55.hxg5 fxg5 56.Qe2 Qc3
57.Qxh5 Qc1+ 58.Kg2 Re7 59.Qd1 Qxd1 60.Rxd1 Rb7 61.Rb1 g4 62.Kf1 Kf6 63.Ke2
Ke6 64.Kd3 Kd6 65.Kc4 Kc6 66.Kd3 Kc5 67.Kc3 Rb8 68.Kd3 Rb3+ 69.Kc2 Kc4 70.Rd1
b1=Q+ 71.Rxb1 Rxb1 72.Kxb1 Kd3 73.Kc1 Ke2 74.Kc2 Kxf2 {#R} 0-1

[Event "PEP 2017"]
[Site "Belgrade SRB"]
[Date "2017.03.06"]
[Round "7"]
[White "Drasko,M"]
[Black "Eric,J"]
[Result "1-0"]
[WhiteElo "2441"]
[BlackElo "2199"]

1.Nf3 Nf6 2.g3 g6 3.Bg2 Bg7 4.O-O O-O 5.d4 d6 6.c4 Nc6 7.Nc3 Bf5 8.b3 a5 9.Bb2
e5 10.d5 Nb4 11.Ne1 e4 12.a3 Na6 13.Nc2 Re8 14.Ne3 Bd7 15.Qc2 Qe7 16.Rad1 h5
17.Rd4 Nc5 18.Nb5 Qd8 19.Rdd1 h4 20.Bd4 Ng4 21.Nxg4 Bxg4 22.Bxg7 Kxg7 23.Qc3+
Kh7 24.f3 exf3 25.exf3 Bd7 26.Rd4 hxg3 27.hxg3 f6 28.Rh4+ Kg7 29.Nd4 Qe7
30.Kf2 Rh8 31.Re1 Qf7 32.Rxh8 Rxh8 33.b4 axb4 34.axb4 Na4 35.Qc2 Nb6 36.f4 Re8
37.Rxe8 Qxe8 38.c5 dxc5 39.bxc5 Nc8 40.Bf3 Ne7 41.Qe2 Nf5 42.Qxe8 Bxe8 43.Ne6+
Kf7 44.Nxc7 Bd7 45.d6 Bc8 46.g4 Nd4 47.g5 fxg5 48.fxg5 Kf8 49.Bd5 Nf5 50.Na8
Nd4 51.Ke3 Nc2+ 52.Kd3 Nb4+ 53.Kc4 Nc6 54.Bxc6 bxc6 55.Kd4 Kf7 56.Ke5 Bf5
57.Nb6 Bh3 58.Nc4 Bf5 59.Na5 Bd7 60.Nb7 {#r} 1-0